00395nam a22001097a 4500999001500000008004100015245009400056260006800150300002300218650002900241942001500270 c6867d6867200401b ||||| |||| 00| 0 eng d aMpango wa Maendeleo wa Mwaka 2006/07/cWizara ya Mipango, Uchumi na Uwezeshaji,hSwahili. aDar Es Salaam:bWizara ya Mipango, Uchumi na Uwezeshaji,c2006. aiii, 114p;c29cm.- 2PLANNING AND DEVELOPMENT 2ddccBOOKS